Law for business / (Record no. 7488)

MARC details
000 -LEADER
fixed length control field 02135cam a2200217 a 4500
020 ## - INTERNATIONAL STANDARD BOOK NUMBER
ISBN 007297611X (alk. paper)
020 ## - INTERNATIONAL STANDARD BOOK NUMBER
ISBN 9780072976113
050 00 - CALL NUMBER
Classification number KF889
Item number .B28
100 1# - AUTHOR
Personal name Barnes, A. James.
245 10 - TITLE
Title Law for business /
Statement of responsibility, etc A. James Barnes, Terry Morehead Dworkin, Eric L. Richards.
250 ## - EDITION
Edition statement 9th ed.
260 ## - PUBLICATION INFORMATION
Place of publication New York, NY :
Name of publisher McGraw-Hill/Irwin,
Year of publication c2006.
300 ## - DESCRIPTION
Number of Pages xxxiii, 1006 p. :
Other physical details ill., forms ;
Dimensions 26 cm.
500 ## - NOTES
General note Includes index.
505 ## - FORMATTED CONTENTS NOTE
Table of Content Law legal reasoning and the legal profession --<br/>Dispute settlement --<br/>Business ethics and corporate social responsibility --<br/>Business and the constitution --<br/>Crimes --<br/>Intentionala torts --<br/>Negligence and strict liability --<br/>The nature and origins of contracts --<br/>Creating a contract: offers --<br/>Creating a contract: acceptances --<br/>Consideration --<br/>Capacity to contract --<br/>Voluntary consent --<br/>Illegality --<br/>The form and meaning of contracts --<br/>Third parties' contract rights --<br/>Performance and remedies --<br/>Formation and terms of sales contracts --<br/>Warranties and product liability --<br/>Performance of sales contracts --<br/>Remedies for breach of sales contracts --<br/>The agency relationship --<br/>creation, duties, and termination --<br/>Liability of principals and agents to third parties --<br/>Employment laws --<br/>Which form of business organization --<br/>Partnerships --<br/>Formation and termination of corporations --<br/>Management of the corporate business --<br/>Financing the corporation and the role of the shareholders --<br/>Securities regulation --<br/>Legal liability of accountants --<br/>Personal property and bailments --<br/>Real property --<br/>Landlord and tenant --<br/>Estates and trusts --<br/>Insurance --<br/>Negotiable instruments --<br/>Negotiation and holder in due course --<br/>Liability of parties --<br/>Checks and electronic fund transfers --<br/>Introduction to security --<br/>Security interests in personal property --<br/>Bankruptcy --<br/>The antitrust laws --<br/>Consumer protection laws --<br/>Environmental regulation.
650 #0 - SUBJECTS
Topical Term Commercial law
650 #0 - SUBJECTS
Topical Term Trade regulation
700 1# - OTHER AUTHORS
Personal name Dworkin, Terry Morehead.
700 1# - OTHER AUTHORS
Personal name Richards, Eric L.
942 ## - ADDED ENTRY ELEMENTS (KOHA)
Koha item type Books
Holdings
Withdrawn status Lost status Collection code Home library Current library Shelving location Date acquired Full call number Accession Number Koha item type
    Reference Methodist University Library Main Methodist University Library Main General Stacks 10/12/2020 KF889 .B28 21880 Books
Copyright © 2026  MUG Library